[Event "Budapest FS04 GM-A"]
[Site "Budapest"]
[Date "2002.04.03"]
[Round "2"]
[White "Horvath, Csaba"]
[Black "Antal, Gergely"]
[Result "1-0"]
[WhiteElo "2539"]
[BlackElo "2457"]
[Annotator "Rogozenco,D"]
[PlyCount "47"]
[EventDate "2002.04.02"]
[EventType "tourn"]
[EventRounds "13"]
[EventCountry "HUN"]
[EventCategory "9"]
[SourceTitle "CBM 089"]
[Source "ChessBase"]
[SourceDate "2002.08.12"]
[SourceVersion "1"]
[SourceVersionDate "2002.08.12"]
[SourceQuality "1"]

1. e4 c5 2. c3 e6 3. d4 d5 4. exd5 Qxd5 5. Nf3 Nf6 6. Be3 Nc6 {Not without
reasons, the usual reply 6. ... cxd4 is generally considered to be best.} 7.
Na3 (7. dxc5 {is critical continuation here.} Qxd1+ 8. Kxd1 Ng4 9. b4 Nxe3+ 10.
fxe3 a5 11. Bb5 {and in the practice Black didn't show yet a clear way to
solve all the problems. A recent example, which demonstartes the power of
White's queenside pawns:} Bd7 12. a3 axb4 13. Bxc6 Bxc6 14. cxb4 b6 15. Nc3
bxc5 16. b5 Bb7 17. a4 c4 18. Kc2 Bb4 19. Nd2 Ke7 20. Rhb1 Ba5 21. Nxc4 Bxg2
22. Nxa5 Rxa5 23. Rg1 Bd5 24. Rxg7 Rc8 25. Kb2 Bc4 26. Rxh7 Ra7 27. Rh4 Rd7 28.
Rd1 Rxd1 29. Nxd1 Kd6 30. Nc3 f5 31. a5 Rc5 32. Rd4+ Kc7 33. b6+ Kb7 34. Ka3
$18 {1-0 Kosintseva,T-Alexandrova,O/Warsaw 2001}) 7... Ng4 $6 {An unfortunate
novelty. Black usually plays it one move earlier. In the game he delayed the
swap on d4 for too long and was punished.} (7... cxd4 {Safest continuation.} 8.
Nb5 Qd7 $5 (8... Qd8 9. Nbxd4 Nxd4 10. Bxd4 $11 {/+/=}) 9. Nbxd4 Nd5 10. Bg5 a6
11. Bc4 Be7 12. Nxc6 bxc6 13. O-O O-O 14. Re1 Bb7 15. Qc2 h6 16. Ne5 Qc7 17.
Bxe7 Qxe7 18. Rad1 Rfd8 19. Bd3 Nf6 20. Be2 c5 {and Black successfully solved
all the problems, 1/2-1/2 Brodsky,M-Khurtsidze,N/Yerevan 1996.}) 8. Bg5 $1 {
In opposite to the position when Black plays directly Ng4 (6. ... Ng4) and
White leaves the bishop on e3, here the inclusion of moves Na3 and Nc6 gives
White additional possibilities thanks to the threat Nb5.} h6 (8... cxd4 9. Nb5
$16 Qd7 10. Nfxd4 Nxd4 $2 11. Nxd4 $18 {[%csl Rg4][%cal Gf1b5] and a possible
finish:} Ne5 12. Bb5 Nc6 13. Nxc6 bxc6 14. Bxc6 Qxc6 15. Qd8#) 9. Bh4 a6 $6 {
Black defends against Nb5, but the price is too hight - it weakens square b6.
On the other hand Black had a difficult position already.} (9... cxd4 10. Nb5
$16) (9... Qd7 10. h3 $16) 10. Nc4 $1 $16 cxd4 11. Nb6 Qe4+ 12. Be2 (12. Qe2
Qxe2+ 13. Bxe2 Rb8 14. Nxd4 Nxd4 15. cxd4 {[%cal Gh4g3] was also good.}) 12...
Rb8 13. cxd4 Bb4+ $2 {Last mistake, after which White is winning by force.} (
13... Bd6 14. Bg3 $1 (14. O-O $2 {This natural move has a direct refutation:}
Nxh2 $1 15. Nxh2 Bxh2+ 16. Kxh2 Qxh4+ 17. Kg1 O-O $17) 14... Bxg3 15. hxg3 {
and thanks to the powerful knight on b6 White is much better.}) 14. Kf1 Qg6 15.
Bg3 e5 ({After} 15... O-O {White wins easily in many ways. Most convincing is:}
16. Bxb8 Nxb8 17. Bd3 Qh5 (17... Qf6 18. h3 {The knight is trapped.}) 18. Ne5
$1 $18 Nf6 19. Qc2 Nc6 20. Nxc6 bxc6 21. Qxc6 {Now the bishop has no moves.})
16. d5 $1 {In fact Black can resign.} Bc5 (16... Nd4 17. Qa4+ $18) 17. Nxc8 Nb4
18. Nh4 {Black loses a lot of material now. Continuing the game with Black
makes little sense. In the end White will be a rook and piece up.} Nxf2 19.
Qa4+ b5 20. Nxg6 bxa4 21. Bxf2 Bxf2 22. Nd6+ Kd7 23. Nxf7 Bd4 24. Bg4+ 1-0

[Event "Mitropa Cup 21st"]
[Site "Leipzig"]
[Date "2002.05.04"]
[Round "2.1"]
[White "Stevic, Hrvoje"]
[Black "Pira, Davoud"]
[Result "1-0"]
[WhiteElo "2523"]
[BlackElo "2434"]
[Annotator "Rogozenco,D"]
[PlyCount "63"]
[EventDate "2002.05.03"]
[EventType "team-tourn"]
[EventRounds "9"]
[EventCountry "GER"]
[SourceTitle "CBM 089"]
[Source "ChessBase"]
[SourceDate "2002.08.12"]
[SourceVersion "1"]
[SourceVersionDate "2002.08.12"]
[SourceQuality "1"]
[WhiteTeam "Croatia"]
[BlackTeam "France"]
[WhiteTeamCountry "CRO"]
[BlackTeamCountry "FRA"]

1. e4 c5 2. Nf3 Nc6 3. c3 d5 4. exd5 Qxd5 5. d4 Nf6 6. Be3 Ng4 {This move
looks natural after White's 6.Be3 and is better here than for instance in the
position when Black has the pawn on e6 instead of the knight on c6. But even
now it is slightly doubtful and double-edged. Why so? One might argue that for
the noble cause of gaining the bishop pair one might lose a tempo or even two
in the opening. That's true, only that the swap on e3 also strengthens White's
pawn center and opens the f-file, which White can use later for active actions.
All in all the move 6. ... Ng4 is an ambitious approach, which leads to a
sharp battle with chances for both sides.} 7. Na3 {A rare move. More popular
is 7.Bd3 or 7.Nbd2, in both cases White has a strong center and keeps some
initiative.} cxd4 (7... Nxe3 8. fxe3 Bg4 9. Bc4 Bxf3 (9... Qh5 $2 10. Qb3 $1
Bxf3 $140 (10... Rb8 11. Bd5 $16) 11. O-O $1 $16 {/+-}) 10. Bxd5 Bxd1 11. Rxd1
{The endgame is close to equal and this might be Black's best choice after 7.
Na3, De Kleuver,E-Mantovani,R/Montecatini Terme 1998.}) 8. Nb5 $1 Qd8 9. cxd4
e5 {An attractive move, but in the game Black wasn't able to develop the
initiative after that.} (9... e6 10. Bd3 $5 Bb4+ 11. Nc3 $14) 10. d5 Bb4+ 11.
Nc3 Nxe3 $6 (11... Bxc3+ 12. bxc3 Ne7 {Black looks okay, for instance:} 13.
Bb5+ (13. d6 Nc6) 13... Bd7 14. Qa4 Bxb5 15. Qxb5+ Qd7 16. Qxd7+ Kxd7 $13 17.
h3 $6 Nxe3 18. Nxe5+ Ke8 19. fxe3 Nxd5 {followed by Ke7, f6 etc. Black is
better here due to White's weak pawns on c3 and e3.}) 12. fxe3 Bxc3+ 13. bxc3
Nb8 ({Again better was} 13... Ne7 {although here White has a stronger center
than in the previous line. Still Black keeps good chances for counterplay:} 14.
Bb5+ Bd7 15. Qa4 f6 16. e4 Nc8 $1 $132) 14. Nxe5 {Although now it looks like
Black must have good compensation, it is difficult to find something concrete,
because White has a very good square d4 for the queen, where she protects
everything.} Qh4+ (14... Qg5 15. Qd4 $16) 15. Ke2 O-O 16. Qd4 Qh5+ 17. Kf2 $16
{Suddenly it becomes clear that Black has no compensation for the pawn.} Re8
18. Nf3 Rd8 19. c4 Bg4 20. Be2 Nc6 21. Qf4 Na5 22. h3 Bxf3 23. gxf3 $18 b6 24.
Rag1 {On top of all White has the decisive attack.} Nb7 25. Rg5 Qh6 26. Rxg7+ (
26. Rhg1 {wins as well.}) 26... Qxg7 27. Rg1 Rd6 28. Rxg7+ Kxg7 29. Qe5+ Rf6
30. Bd3 h6 31. Qe4 Nc5 32. Qh7+ 1-0

[Event "Montreal 3rd"]
[Site "Montreal"]
[Date "2002.07.25"]
[Round "1"]
[White "Rozentalis, Eduardas"]
[Black "Lesiege, Alexandre"]
[Result "1-0"]
[WhiteElo "2564"]
[BlackElo "2561"]
[Annotator "Rogozenco,D"]
[PlyCount "47"]
[EventDate "2002.07.25"]
[EventType "tourn"]
[EventRounds "11"]
[EventCountry "CAN"]
[EventCategory "11"]
[SourceTitle "CBM 091"]
[Source "ChessBase"]
[SourceDate "2002.11.12"]
[SourceVersion "1"]
[SourceVersionDate "2002.11.12"]
[SourceQuality "1"]

1. e4 {Ftacnik} c5 2. c3 Nf6 3. e5 Nd5 4. Nf3 Nc6 5. Bc4 Nb6 6. Bb3 c4 7. Bc2
Qc7 8. Qe2 g5 {Attractive, but far from clear. Black breaks his own pawn
structure and there will be no way back. At the beginning of its appearance in
the practice (1996) this advance was regarded almost like offering Black an
advantage. Just remember the game Torre-Ivanchuk from the Yerevan Olympiad,
for instance. Meanwhile first impresions and emotions cooled out and as
mentioned, the move has obvious drawbacks, which White succeeds to use in the
practice more and more often.  The main thing for White in this line is to
keep queens on the board. Thus he will have much more chances to use
weaknesses in Black's pawn formation, created by the last move.} 9. h3 {
This quiet advance is the strongest continuation. Such a reaction reminds of
other openings, say Keres Attack in Sicilian Scheveningen, when after 6.g4
Black stops it with 6...h6.} Bg7 10. O-O Nxe5 11. Nxg5 {Ftacnik: 'Rozentalis
is a very strong player with one specific feauture, his opening repertoire is
very narrow and deep. He continues to believe in merits of 2.c3 Sicilian, long
after many players just gave up fed up by manyfold drawing lines black may
wish to apply. '} d5 12. Re1 $1 {Previously Rozentalis played 12.b3 and wrote
after that: "White has to play on queen side, trying to attack black's centre
and activating his pieces". Meanwhile he must have had a second thought about
playing on the queenside...} (12. b3 Bd7 13. a4 cxb3 14. Bxb3 Bf5 15. a5 Nbc4
16. d4 h6 17. dxe5 hxg5 18. Bxg5 Bxe5 (18... Qxe5 19. Bxc4 dxc4 20. Qxe5 Bxe5
21. Re1 f6 22. f4 O-O-O 23. fxe5 {1/2-1/2 Rozentalis,E-Hracek,Z/Germany 1998})
19. Bxc4 dxc4 20. Re1 f6 21. Be3 Qc6 22. f4 Bd6 23. Nd2 Bd3 24. Qf3 Kd7 25. Ra2
Rag8 26. Qxc6+ Kxc6 27. Kf2 e5 28. Bxa7 Rg7 29. Nf3 e4 30. Nd4+ $16 {1-0
Rozentalis,E-Zezulkin,J/Warsaw 1999 (63)}) 12... h6 13. Nf3 Nxf3+ 14. Qxf3 e5 {
I doubt the value of all these advances.} 15. Qg3 $1 {An improvement over
Jonkman's game, who has the merit of finding 12.Re1, by the way.} (15. b3 Be6
16. bxc4 dxc4 17. Qg3 f5 18. Na3 a6 (18... O-O 19. Nb5 $36) 19. Rb1 (19. Qg6+
$5 Qf7 20. Qxf7+ Kxf7 21. Rb1 Nd7 22. Rxb7 {Black still has to prove the
compensation. For instance a move like 22...Rab8 doesn't work because of 23.
Nxc4 Rxb7 24.Nd6+ and Nxb7.}) 19... O-O 20. d4 cxd3 21. Bxd3 Kh7 22. Nc2 (22.
Bxh6 Kxh6 23. Qe3+ Kh7 24. Qxb6 Qxb6 25. Rxb6 Bd5 26. c4 Bc6 $44) 22... Rad8
23. h4 $6 Bxa2 24. Rb2 Be6 25. h5 Kh8 26. Bxh6 Bxh6 27. Qg6 Bf4 28. Nd4 Bc8 29.
Rxb6 Qxc3 30. Rxe5 Qc1+ 31. Bf1 Bxe5 32. Ne6 Rd1 {0-1 Jonkman,H-Van Wely,L/
Leeuwarden 2002}) 15... f5 {'?!' Ftacnik. Ftacnik: 'Lesiege just can not
believe, that white is able to do him any harm with such underdeveloped
queenside. Despite everything black's last move is at best risky and he will
duly pay the prize.'} (15... Kf8 {Ftacnik} 16. Na3 Be6 17. d4 cxd3 18. Bxd3 a6
$13) 16. d4 $1 {Now Black is in deep trouble and must pay the price for
creating so many weaknesses in his own camp.} cxd3 17. Bxd3 Kf7 (17... Kf8 $5 {
Ftacnik} 18. b3 (18. Nd2 {Ftacnik} f4 19. Qh4 Be6 20. Nf3 Bf7 $15) 18... Be6
19. a4 Nc8 $13) 18. Nd2 Qc6 $6 {Allowing a nice finish.} ({On the other hand
playing the position after} 18... Re8 19. Nf3 Qd6 20. Nh4 Qf6 21. Be2 $1 {
[%csl Rg6][%cal Ge2h5,Gh5e8] (after such maneuvers things usually become clear)
} Kf8 22. Bh5 {is not fun for Black either.}) 19. Rxe5 $1 {One can't even name
it a sacrifice. White gets a central key pawn for the exchange and Black is
not able to hold the position.} (19. Nf3 {Ftacnik} e4 20. Bf1 Re8 (20... exf3
$2 {Ftacnik} 21. Re7+ Kxe7 22. Qxg7+ Kd8 23. Qxh8+ $18) (20... Rg8 {Ftacnik}
21. Ne5+ Bxe5 22. Qxe5 $14) 21. Nd4 $14) 19... Bxe5 20. Qxe5 {Black cannot
stop White's pieces to come on the kingside (Nf3 and so on)} Qf6 (20... Re8 {
Even this doesn't work:} 21. Nf3 {[%csl Rf5,Rf7,Rh6][%cal Gc1h6,Gf3e5,Ye5f4,
Yf4h4]} Qf6 (21... Nc4 {Ftacnik} 22. Qf4 Kg7 23. b3 Nb6 24. Be3 $16) 22. Qxf6+
Kxf6 23. Bxh6 $14) 21. Qf4 Qg5 {'?' Ftacnik.} (21... Re8 {Ftacnik} 22. Nf3 Nc4
23. Bxc4 dxc4 24. Qxc4+ Be6 25. Qd4 $14) 22. Qh2 {A temporary retreat} Bd7 23.
Nf3 Qf6 24. Be3 {Black resigned maybe a bit too early, but the outcome is
clear, since the dark squares are much too weak.} (24. Be3 Rhe8 25. Bd4 Qe6 26.
Qc7 $18 {[%cal Ga1e1,Gf3e5]}) 1-0

[Event "Mitropa Cup 21st"]
[Site "Leipzig"]
[Date "2002.05.08"]
[Round "6.4"]
[White "Grosar, Aljosa"]
[Black "Mantovani, Renzo"]
[Result "1-0"]
[WhiteElo "2470"]
[BlackElo "2369"]
[Annotator "Rogozenco,D"]
[PlyCount "61"]
[EventDate "2002.05.03"]
[EventType "team-tourn"]
[EventRounds "9"]
[EventCountry "GER"]
[SourceTitle "CBM 089"]
[Source "ChessBase"]
[SourceDate "2002.08.12"]
[SourceVersion "1"]
[SourceVersionDate "2002.08.12"]
[SourceQuality "1"]
[WhiteTeam "Slovenia"]
[BlackTeam "Italy"]
[WhiteTeamCountry "SLO"]
[BlackTeamCountry "ITA"]

1. e4 c5 2. c3 d5 3. exd5 Qxd5 4. d4 Nf6 5. Nf3 Nc6 6. Be3 Ng4 (6... cxd4) 7.
Nbd2 cxd4 8. cxd4 e6 9. Bd3 Be7 10. O-O O-O 11. Be4 Qh5 (11... Qd8 12. Nc4 Bd7
13. Nce5 Ncxe5 14. Nxe5 Nxe5 15. dxe5 a5 16. Qf3 $14 {1/2-1/2 Sermek,
D-Wirthensohn,H/Luzern 1994 (33)}) 12. Rc1 Bd7 13. h3 (13. Nc4 f5 $5 {[%cal
Gf5f4]}) 13... Nxe3 14. fxe3 Rac8 15. Nc4 f5 (15... Rfd8 $5 {[%cal Gd7e8]}) 16.
Bc2 Bf6 (16... Rfd8 $5 17. Bb3 Qh6 18. Qe2 Be8) 17. Bb3 Kh8 18. Nfe5 $1 Qxd1
19. Rfxd1 $14 Rcd8 20. Nd6 Nxe5 (20... Bxe5 21. dxe5 Rb8 (21... Nxe5 $2 22. Rc5
Nc6 23. Nxb7 $18) 22. Nxf5 exf5 23. Rxd7 Nxe5 24. Rdc7 $14 {/+/-}) 21. dxe5 Bg5
$6 (21... Bxe5 $142 {Although this leads in almost all cases to an endgame
with a pawn down, Black has good chances to draw and it was clearly preferable
to the game continuation.} 22. Nxb7 Rc8 23. Rc5 (23. Nc5 Bxb2 24. Rc2 (24. Nxd7
$2 Bxc1 25. Nxf8 Bxe3+) 24... Bb5 25. Nxe6 Rxc2 26. Bxc2 Rb8 27. Bxf5 Bc4 $44)
23... Rxc5 24. Nxc5 Bc8 25. Rd2 $1 (25. Bxe6 Bxb2) (25. Nxe6 Bxe6 26. Bxe6 Bxb2
27. Bxf5 g6 {and Black should hold the draw.}) 25... Bc7 $1 (25... Re8 26. Bxe6
Bxe6 27. Nxe6 g6 28. Nd4) 26. Nxe6 (26. Bxe6 Bb6) 26... Bxe6 27. Bxe6 Bb6 $14 {
/=}) 22. Rc3 Bc6 $6 (22... Rb8 23. Nxf5 $16) 23. Bxe6 g6 $2 24. Nf7+ $18 Kg7
25. Nxd8 Bxd8 26. Bd5 Ba5 27. Ra3 Bb4 28. Rb3 Ba4 29. Rxb4 Bxd1 30. Rxb7+ Kh6
31. e6 1-0

[Event "Montreal 3rd"]
[Site "Montreal"]
[Date "2002.07.28"]
[Round "4"]
[White "Bluvshtein, Mark"]
[Black "Charbonneau, Pascal"]
[Result "1-0"]
[WhiteElo "2367"]
[BlackElo "2422"]
[Annotator "Rogozenco,D"]
[PlyCount "89"]
[EventDate "2002.07.25"]
[EventType "tourn"]
[EventRounds "11"]
[EventCountry "CAN"]
[EventCategory "11"]
[SourceTitle "CBM 091"]
[Source "ChessBase"]
[SourceDate "2002.11.12"]
[SourceVersion "1"]
[SourceVersionDate "2002.11.12"]
[SourceQuality "1"]

1. e4 c5 2. c3 Nf6 3. e5 Nd5 4. d4 cxd4 5. Nf3 Nc6 6. cxd4 d6 7. Bc4 Nb6 8. Bb5
dxe5 9. Nxe5 Bd7 10. Nxd7 Qxd7 11. Nc3 {This line became popular lately. In
spite of theory's evaluation as being equal, White has resources to get some
pressure and Black needs a very accurate play for reaching complete equality.
White's last move is more precise than immediate castle, since after 11.0-0
Black has the additional possibility to play 11...g6, which is bad after 11.
Nc3 in view of 12.d5.} (11. O-O g6 $5) 11... e6 (11... g6 $2 12. d5 a6 13. Bxc6
bxc6 14. Qd4 $18 {[%csl Rb6,Rh8]}) 12. O-O Rd8 (12... Be7 13. Qg4 O-O 14. Bxc6
$5 {is White's lattest attempt. However, with an accurate play Black mustn't
have problems at all here.} Qxc6 15. Bh6 Bf6 16. Rfd1 Qd7 $1 {Bringing the
queen back for defending the king.} 17. Ne4 Qe7 $11) 13. Qg4 {A logical
continuation, which turns out to be a novelty.} (13. a4 a6 14. Bxc6 Qxc6 15.
Bg5 f6 16. Be3 Bb4 $2 (16... Be7 $13) 17. d5 $1 $36 {1-0 Potkin,V-Atakisi,U/
Batumi 2002 (29)}) (13. Bg5 Be7 $11) 13... h5 (13... Qxd4 $5 14. Qf3 Nd5 {
is critical for evaluation of 13.Qg4.} 15. Rd1 (15. Be3 Qb4 16. Bxa7 Be7 $11)
15... Qe5 $13) 14. Qg3 h4 15. Qf3 (15. Qg4 $6 h3 16. g3 Qxd4 ({or} 16... a6))
15... a6 (15... h3 {would be the logical follow up of the previous play} 16. g3
Rc8 $5 $13 {[%cal Ga7a6]}) 16. Bxc6 Qxc6 17. Qxc6+ bxc6 18. Be3 {Usually these
endgames are close to equal, but White can claim a slight plus, since it is
more difficult for Black to attack d4 than for White to attack c6 and a6.} h3
19. g3 Nc4 {As we'll see this is a doubtful plan.} (19... Be7 20. Rac1 Kd7 {
Protecting weaknesses with the king is the safest way.} 21. Ne4 Rh5 $11 {
[%cal Gh5b5,Ga6a5,Ga5a4]}) 20. Na4 $1 Nxe3 21. fxe3 e5 22. dxe5 Rh5 23. Nb6 $1
{A very good maneuver. The knight goes to c4 - the best square for it. Black
will have troubles finding counterplay after that.} (23. Rac1 $2 Rxe5 24. Rxc6
Rxe3 25. Rxa6 Re2 $19 {[%cal Gd8d2]}) 23... Rxe5 24. Nc4 Red5 (24... Re4 25.
Rf4 Rxf4 26. exf4 Bc5+ 27. Kf1 $13 f5 $5 28. Re1+ Kf8 29. Re5 Rd5 {[%csl Rh2]})
25. Kf2 {thanks to the powerful knight on c4, White controls square d2 and
Black cannot use his rooks activity. Now White improves the position of the
king and after Kf3-g4 Black might suddenly have problems with the pawn h3.} Ke7
26. Kf3 f5 27. g4 $1 $16 Ke6 28. gxf5+ Rxf5+ 29. Kg4 {[%csl Rh3]} Rc5 30. Rf4
Be7 (30... Bd6 {offering to trade the bishop for the knight might have given
more practical chances to escape.} 31. Re4+ Kf7 32. Rf1+ Kg8 $16) 31. Re4+ Kf7
32. Rf1+ Bf6 33. Kg3 (33. Kxh3 Rh8+ 34. Kg2 Rg5+ 35. Kh1 {was also possible.
Black's activity leads to nowhere.}) 33... Rg5+ 34. Rg4 Rh5 35. b3 Rd3 {
Black succeeded to hold material equality and it might seem that his position
is not that bad. In fact he remains strategically lost, thanks to multiple
weaknesses and absolutely no counterplay. The bishop on f6 is much worse than
the knight - a good example of dominance of knight over bishop in an open
position.} 36. Rh4 {Thanks to this trick White trades the active rook on d3.}
Rxh4 37. Ne5+ Ke7 38. Nxd3 Rh8 39. e4 Kd6 40. Rf5 {Dominance on the light
squares. Black has no targets to attack. White will push the e-pawn soon and
Black cannot stop it.} Bd4 (40... Re8 41. Kf4 {[%cal Ge4e5]}) 41. Rg5 Rh6 42.
e5+ Kd5 43. Kf3 c5 44. Nf4+ Kc6 45. Ke4 {A good achievement by young Canadian
player.} 1-0

[Event "Montreal 3rd"]
[Site "Montreal"]
[Date "2002.08.01"]
[Round "7"]
[White "Rozentalis, Eduardas"]
[Black "Bluvshtein, Mark"]
[Result "1/2-1/2"]
[WhiteElo "2564"]
[BlackElo "2367"]
[Annotator "Rogozenco,D"]
[PlyCount "81"]
[EventDate "2002.07.25"]
[EventType "tourn"]
[EventRounds "11"]
[EventCountry "CAN"]
[EventCategory "11"]
[SourceTitle "CBM 091"]
[Source "ChessBase"]
[SourceDate "2002.11.12"]
[SourceVersion "1"]
[SourceVersionDate "2002.11.12"]
[SourceQuality "1"]

1. e4 c5 2. c3 Nf6 3. e5 Nd5 4. Nf3 Nc6 5. Bc4 Nb6 6. Bb3 d5 7. exd6 Qxd6 (7...
c4 8. Bc2 e5 {is a worthy alternative, leading to a more complicated game.}) 8.
O-O Be6 9. Qe2 {An interesting way to prepare d4 (by means of Rd1) and cover
square d3 at the same time. After 9.d4, 9.Bxe6 and 9.Na3 Black has clear ways
to reach equality.} Bxb3 10. axb3 e6 11. Rd1 Be7 12. d4 cxd4 (12... O-O 13.
dxc5 Qxc5 14. Be3 $14) 13. Nxd4 Nxd4 14. Rxd4 Qc6 15. Rg4 $5 $146 {After this
improvement over his own game, Rozentalis soon gets a big advantage, but fails
to convert it into a full point.} (15. Nd2 O-O 16. Nf3 a6 17. b4 g6 18. Rd3
Rad8 19. Rxd8 {1/2-1/2 Rozentalis,E-Ribli,Z/Bundesliga 2002}) 15... Bf6 (15...
O-O 16. Bh6 Bf6 17. Rxg7+ $1 Bxg7 18. Qg4 $18) 16. Nd2 h5 ({I would have
preferred} 16... O-O 17. Ne4 Be5 18. Ng5 Bf6 {though it looks quite dangerous.}
) 17. Rg3 (17. Re4 $5 h4 18. h3) 17... h4 18. Rh3 Ke7 {A very risky play by
Black. On the other hand castling would mean an even greater danger, so under
the circumstances Black's decision is reasonable.} (18... O-O 19. Ne4 (19. Nf3
Qd5 20. c4 (20. Nxh4 Rfd8 $1 21. Be3 Qxb3) 20... Qh5 21. Qe4 Rfd8) 19... Be7
20. Bg5 $16) 19. Ne4 Rad8 20. Be3 Nd5 21. Bc5+ Ke8 22. Qg4 $16 Ne7 (22... a6
23. Re1 $16) 23. Re1 Rd5 24. Bxe7 $6 ({Maybe it was the right time to take a
pawn, keeping minor pieces on the board. After} 24. Bxa7 b6 25. Bb8 e5 {
White has} 26. f4 {which looks like a pawn up and winning position.}) 24...
Kxe7 25. Nxf6 gxf6 26. Qb4+ Qc5 27. Qxb7+ Rd7 28. Qe4 Rd2 {White won a pawn,
but allowed Black some activity. Also there is a danger of four-rooks endgame,
in which activity is always worth more than material. This was the case of the
present game as well.} 29. Rf3 h3 $1 30. Qf4 Qg5 $1 31. Qxg5 (31. Qb4+ {
would have kept the tension}) 31... fxg5 32. gxh3 Rxb2 {Black has little
problems in the arising endgame. In fact he is probably not even worse.} 33.
Ra1 f5 34. Rxa7+ Kf6 35. b4 Rd8 36. Ra5 Rc8 37. Ra6 f4 38. h4 Kf5 39. hxg5 e5 {
White is three pawns up, but Black's activity secures enough counterchances.}
40. Ra5 (40. h4 Kg4 (40... Rh8 41. Rh6) 41. Rd3 e4 $132) 40... Rh8 41. Rd3 (41.
Rd3 Rh5 (41... Ke4 42. Rd1) 42. g6 Rg5+ 43. Kf1 Rxg6 $44 {White's extra
material doesn't matter so much and it is rather White who must be careful
against Black's threats. For instance the careless} 44. Rdd5 $2 Ke4 $1 45.
Rxe5+ $2 {loses to} Kf3 $19) 1/2-1/2